| 000 | 00764cam a22002294a 4500 | ||
|---|---|---|---|
| 001 | 13950231 | ||
| 005 | 20250329084728.0 | ||
| 008 | 050503s2005 ilu b 001 0 eng | ||
| 020 | _a0830833048 | ||
| 020 | _a9780830833047 | ||
| 020 | _a9781844740802 | ||
| 050 | 0 | 0 |
_aBR127 _b.G54 2005 |
| 082 | 0 | 0 |
_a261.2 _222 |
| 100 | 1 | _aGlaser, Ida. | |
| 245 | 1 | 4 |
_aThe Bible and other faiths : _bChristian responsibility in a world of religions / _cIda Glaser. |
| 260 |
_aDowners Grove, IL : _bInterVarsity Press, _cc2005. |
||
| 300 |
_a255 p. ; _c21 cm. |
||
| 440 | 0 | _aChristian doctrine in global perspective | |
| 650 | 0 | _aChristianity and other religions. | |
| 856 | 4 | 1 |
_3Table of contents _uhttp://www.loc.gov/catdir/toc/ecip0513/2005012136.html |
| 942 |
_2lcc _cBK _n0 |
||
| 999 |
_c5325 _d5325 |
||